Essentials of Orthopedic Surgery

Essentials of Orthopedic Surgery, Third Edition, is a comprehensive guide to the most commonly observed orthopedic problems in both adults and children. Whether utilized for study or for clinical reference, this concise and richly illustrated text is filled with focused information crucial to formul...

Full description

Bibliographic Details
Corporate Author: SpringerLink (Online service)
Other Authors: Wiesel, Sam W. (Editor), Delahay, John N. (Editor)
Format: Electronic eBook
Language:English
Published: New York, NY : Springer New York, 2007.
Edition:Third Edition.
Subjects:
Online Access:Full Text via HEAL-Link
LEADER 02787nam a22004815i 4500
001 978-0-387-38328-6
003 DE-He213
005 20151204160223.0
007 cr nn 008mamaa
008 100301s2007 xxu| s |||| 0|eng d
020 |a 9780387383286  |9 978-0-387-38328-6 
024 7 |a 10.1007/978-0-387-38328-6  |2 doi 
040 |d GrThAP 
050 4 |a RD701-811 
072 7 |a MNS  |2 bicssc 
072 7 |a MN  |2 bicssc 
072 7 |a MED065000  |2 bisacsh 
082 0 4 |a 617.47  |2 23 
245 1 0 |a Essentials of Orthopedic Surgery  |h [electronic resource] /  |c edited by Sam W. Wiesel, John N. Delahay. 
250 |a Third Edition. 
264 1 |a New York, NY :  |b Springer New York,  |c 2007. 
300 |a XII, 616 p. 306 illus.  |b online resource. 
336 |a text  |b txt  |2 rdacontent 
337 |a computer  |b c  |2 rdamedia 
338 |a online resource  |b cr  |2 rdacarrier 
347 |a text file  |b PDF  |2 rda 
505 0 |a Basic Science of Bone and Cartilage Metabolism -- Skeletal Trauma -- Orthopedic Infections -- Tumors of the Musculoskeletal System -- Children’s Orthopedics -- Sports Medicine -- The Spine -- The Shoulder -- The Elbow -- The Hand -- The Hip and Femur -- The Knee -- The Foot and Ankle. 
520 |a Essentials of Orthopedic Surgery, Third Edition, is a comprehensive guide to the most commonly observed orthopedic problems in both adults and children. Whether utilized for study or for clinical reference, this concise and richly illustrated text is filled with focused information crucial to formulating accurate orthopedic diagnoses and treatment plans. Just as in the popular prior editions of this book, expert contributors introduce and explore each topic in depth. Chapters are full of specific, clinically relevant material and include multiple-choice review questions based on Board exam topics. Timely and dependable, Essentials of Orthopedic Surgery, Third Edition, is an indispensable reference for medical students, residents, surgeons, nurses, and physician assistants. Special features in the Third Edition include: -New case studies section -Recommended readings -More than two hundred figures, illustrations, and photos -Glossary of orthopedic terms -A focus on need to know information. 
650 0 |a Medicine. 
650 0 |a Orthopedics. 
650 0 |a Sports medicine. 
650 1 4 |a Medicine & Public Health. 
650 2 4 |a Surgical Orthopedics. 
650 2 4 |a Orthopedics. 
650 2 4 |a Sports Medicine. 
700 1 |a Wiesel, Sam W.  |e editor. 
700 1 |a Delahay, John N.  |e editor. 
710 2 |a SpringerLink (Online service) 
773 0 |t Springer eBooks 
776 0 8 |i Printed edition:  |z 9780387321653 
856 4 0 |u http://dx.doi.org/10.1007/978-0-387-38328-6  |z Full Text via HEAL-Link 
912 |a ZDB-2-SME 
950 |a Medicine (Springer-11650)